OCI Nomenklatur Suffixe - Statistiken

Allgemein
  • Dieses Quiz wurde 12 mal gespielt
  • Das Durchschnittsergebnis liegt bei 10 aus 12
Antwortstatistiken
Funktionelle Klasse Antwort % Korrekt
Amin -amin
100%
Carbonsäure -(carbon)säure
100%
Imin -imin
100%
Alkohol -ol
100%
Keton -on
100%
Peroxol -peroxol
100%
Sulfonsäure -sulfonsäure
100%
Thiol -thiol
100%
Aldehyd -carbaldehyd
50%
Carbonsäureamid -carbamid
50%
Nitril -(carbon)itril
50%
Carbonsäureester -carboxylat
0%
Keine übereinstimmenden Quizze gefunden
Verteilung der Resultate
Anzahl Personen mit jedem Resultat
Perzentil nach korrekt beantworteten Fragen
Ihre Resultats-Entwicklung
Sie haben dieses Quiz noch nicht gespielt